004740000a2200133000450024501330000065000100013365000140014365000250015765000270018265100570020904100140026610000320028077300280031210aInforme: especies de vertebrados que han sido identificadas en el Parque Nacional Tayrona en los diferentes muestreos realizados14aFauna14aMuestreos14aInventarios de fauna14aDiversidad de habitats 4lParque Nacional Natural TayronadMagdalenapColombia0 aEspañol1 aMoreno Bejarano, Luz Myriam1 tPreprint33q1-14d1979